[Event "WCh w Blitz Quarter-Final"]
[Site "Moscow RUS"]
[Date "2010.09.14"]
[Round "8"]
[White "Imeeva,A"]
[Black "Chasovnikova,E"]
[Result "0-1"]
[WhiteElo "2059"]
[BlackElo "2248"]
[EventDate "2010.09.14"]

1. e4 c5 2. Nf3 Nc6 3. d4 cxd4 4. Nxd4 Nf6 5. Nc3 e5 6. Ndb5 d6 7. Bg5 a6
8. Na3 Be6 9. Nc4 Rc8 10. Ne3 Be7 11. Be2 O-O 12. O-O Nd4 13. Bxf6 Bxf6 14.
Bg4 Bg5 15. h3 b5 16. a3 g6 17. Qd3 h5 18. Be2 Qd7 19. Rad1 Rfd8 20. Rd2
Bc4 21. Nxc4 bxc4 22. Qg3 Bxd2 23. Bxh5 Kg7 24. Nd5 Bf4 25. Qh4 g5 26. Qg4
Qxg4 27. Bxg4 Rb8 28. g3 Bd2 29. Rd1 Ba5 30. c3 Ne6 31. Ne7 Rb6 32. Rd5 Nc5
33. Nf5+ Kf6 34. h4 gxh4 35. gxh4 Rxb2 36. Nxd6 0-1

[Event "WCh w Blitz Quarter-Final"]
[Site "Moscow RUS"]
[Date "2010.09.14"]
[Round "8"]
[White "Mikhailova,I"]
[Black "Sharapova,A"]
[Result "1-0"]
[WhiteElo "2288"]
[BlackElo "2024"]
[EventDate "2010.09.14"]

1. d4 Nf6 2. Nf3 c5 3. c4 g6 4. Nc3 cxd4 5. Nxd4 Nc6 6. e4 d6 7. Be2 Bg7 8.
Be3 O-O 9. O-O Nd7 10. Rc1 a5 11. b3 Nc5 12. Qd2 f5 13. exf5 Bxf5 14. Rfd1
Ne5 15. f4 Ng4 16. Nxf5 gxf5 17. Bd4 Bh6 18. h3 Nf6 19. Bf3 Nce4 20. Qe3 e5
21. Bxe5 Qe8 22. Bd4 Qg6 23. Bxf6 Nxf6 24. Nd5 Nxd5 25. Bxd5+ Kh8 26. Qf3
Rab8 27. Re1 Bg7 28. Re6 Qf7 29. Rce1 Qc7 30. Qf2 b5 31. Re7 Qc8 32. Ra7
bxc4 33. Ree7 cxb3 34. Rxg7 1-0

[Event "WCh w Blitz Quarter-Final"]
[Site "Moscow RUS"]
[Date "2010.09.14"]
[Round "9"]
[White "Kharmunova,N"]
[Black "Nikitina,E"]
[Result "1-0"]
[WhiteElo "2121"]
[BlackElo "2011"]
[EventDate "2010.09.14"]

1. e4 d5 2. exd5 Qxd5 3. Nc3 Qa5 4. Nf3 Nf6 5. Be2 Bg4 6. b4 Qxb4 7. Rb1
Qd6 8. Rxb7 a6 9. O-O e6 10. h3 Bh5 11. Ng5 Bxe2 12. Qxe2 Be7 13. Bb2 O-O
14. Rb3 Qd7 15. Nce4 Nxe4 16. Qxe4 Bxg5 17. Qxa8 Nc6 18. Qxa6 Ne7 19. Rg3
Bh6 20. Qe2 Ng6 21. Bc3 Ra8 22. Rb1 c5 23. Qe4 Rd8 24. Rb7 Qd6 25. h4 Bf4
26. Rd3 Qf8 27. h5 Rxd3 28. cxd3 1-0

[Event "WCh w Blitz Quarter-Final"]
[Site "Moscow RUS"]
[Date "2010.09.14"]
[Round "9"]
[White "Meshcheriakova,E"]
[Black "Sukhareva,E"]
[Result "0-1"]
[WhiteElo "2260"]
[BlackElo "2176"]
[EventDate "2010.09.14"]

1. e4 c5 2. Nf3 d6 3. Nc3 Nf6 4. Bc4 e6 5. d4 cxd4 6. Nxd4 a6 7. a4 Be7 8.
O-O Qc7 9. Ba2 Nbd7 10. f4 b6 11. f5 e5 12. Nde2 Bb7 13. Ng3 Nc5 14. Qe2 h5
15. b4 Ncd7 16. Bd2 h4 17. Nh1 a5 18. bxa5 bxa5 19. Nf2 Ba6 20. Nb5 Qc8 21.
Qd3 Nc5 22. Nxd6+ Bxd6 23. Qxd6 Bxf1 24. Qxe5+ Kf8 25. Kxf1 h3 26. g3 Qc6
27. Bd5 Nxd5 28. Qxd5 Qxd5 29. exd5 Rd8 30. Bxa5 Rxd5 31. Bb4 Ke8 32. Re1+
Kd7 33. g4 Re8 34. Rxe8 Kxe8 35. Bxc5 Rxc5 36. Nxh3 Rxc2 37. Nf2 Ra2 38.
Kg2 Rxa4 39. h4 Ke7 40. Kg3 Ra3+ 41. Kf4 Ra4+ 42. Kg5 Kf8 43. Nd3 Kg8 44.
Nc5 Rc4 45. Nd7 Rd4 46. Ne5 f6+ 0-1

[Event "WCh w Blitz Quarter-Final"]
[Site "Moscow RUS"]
[Date "2010.09.14"]
[Round "9"]
[White "Fatianova,T"]
[Black "Mikhailova,I"]
[Result "0-1"]
[WhiteElo "2289"]
[BlackElo "2288"]
[EventDate "2010.09.14"]

1. e4 c5 2. b3 Nc6 3. Bb2 e6 4. Nf3 Nf6 5. e5 Nd5 6. Nc3 Be7 7. Nxd5 exd5
8. d4 cxd4 9. Nxd4 O-O 10. Nf3 Qa5+ 11. Qd2 Bb4 12. c3 Bc5 13. Be2 Ba3 14.
O-O Bxb2 15. Qxb2 Re8 16. Rfe1 Nxe5 17. Nxe5 Rxe5 18. Bf3 d6 19. Red1 Be6
20. Rd2 Rc8 21. b4 Qc7 22. Rc2 Bf5 23. Rd2 Be4 24. Bxe4 dxe4 25. c4 e3 26.
fxe3 Rxe3 27. Qd4 Re6 28. Rad1 b6 29. a4 g6 30. Rc1 Qc6 31. b5 Qc5 32. Rcd1
Qxd4+ 33. Rxd4 Rd8 34. Kf2 Kf8 35. a5 Ke7 36. axb6 axb6 37. Ra1 Rd7 38. Ra6
Rb7 39. Kf3 Re5 40. g4 Ke6 41. h4 f6 42. Kf4 Rc5 43. Ra8 Rbc7 44. Rd8 Rxc4
45. R8xd6+ Ke7 46. Rd7+ Rxd7 47. Rxc4 Rd6 48. Rc7+ Ke6 49. Rxh7 Rd4+ 50.
Kf3 Rd3+ 51. Kf4 Rd4+ 52. Kf3 Rb4 53. Rh6 Kf7 54. Rh7+ Kg8 55. Rb7 Rxb5 56.
Kf4 Rb4+ 57. Kf3 g5 58. hxg5 fxg5 59. Kg3 Rb3+ 60. Kg2 b5 61. Kf2 b4 62.
Kg2 Rb2+ 63. Kg3 Kf8 64. Kf3 Ke8 65. Ke4 Rf2 66. Ke5 Rf4 67. Kd5 Rxg4 68.
Ke6 Kd8 69. Kf5 Rc4 70. Kxg5 Kc8 71. Rb5 Kc7 72. Kf5 Kc6 73. Rb8 Kd5 74.
Rd8+ Kc5 75. Rc8+ Kd4 76. Rb8 Kc3 77. Ke5 b3 78. Kd5 Rc7 79. Rh8 Kb2 80.
Kd4 Ka2 81. Ra8+ Kb1 82. Kd3 b2 83. Rb8 Rc5 84. Rb7 Rd5+ 85. Kc3 Rc5+ 86.
Kd3 Rc8 87. Rb6 Rd8+ 88. Kc3 Rc8+ 89. Kd3 Kc1 90. Kd4 b1=Q 0-1

[Event "WCh w Blitz Quarter-Final"]
[Site "Moscow RUS"]
[Date "2010.09.14"]
[Round "9"]
[White "Chasovnikova,E"]
[Black "Dogodkina,J"]
[Result "1-0"]
[WhiteElo "2248"]
[BlackElo "2087"]
[EventDate "2010.09.14"]

1. d4 Nf6 2. Nf3 e6 3. c4 b6 4. g3 Bb7 5. Bg2 Be7 6. Nc3 d5 7. cxd5 exd5 8.
O-O O-O 9. Bf4 c5 10. Rc1 Nbd7 11. Ne5 cxd4 12. Qxd4 Nc5 13. Rfd1 Ne6 14.
Qd2 Nxf4 15. gxf4 Ne4 16. Nxe4 dxe4 17. Qe3 Qe8 18. Nd7 Bc5 19. Qg3 Qe7 20.
Nxf8 Rxf8 21. e3 Ba6 22. a3 Bd3 23. b4 Bd6 24. f3 Be2 25. Re1 exf3 26. Qf2
a5 27. Bxf3 Bxf3 28. Qxf3 axb4 29. axb4 Bxb4 30. Re2 Bc5 31. Kh1 Re8 32. e4
Qb7 33. f5 Qe7 34. e5 Qg5 35. Rf1 Rd8 36. Rg2 Qh6 37. e6 fxe6 38. f6 g6 39.
f7+ Kf8 40. Qf6 1-0

[Event "WCh w Blitz Quarter-Final"]
[Site "Moscow RUS"]
[Date "2010.09.14"]
[Round "9"]
[White "Krasenkova,I"]
[Black "Severina,M"]
[Result "1/2-1/2"]
[WhiteElo "2121"]
[BlackElo "2032"]
[EventDate "2010.09.14"]

1. d4 Nf6 2. c4 e6 3. g3 c5 4. d5 exd5 5. cxd5 d6 6. Nc3 a6 7. a4 g6 8. Bg2
Bg7 9. Nf3 Bg4 10. O-O Bxf3 11. Bxf3 O-O 12. Qb3 Qc7 13. Bf4 Nbd7 14. Rac1
Rfe8 15. a5 Ne5 16. Bg2 Rab8 17. Qb6 Qxb6 18. axb6 Nh5 19. Bxe5 Bxe5 20. e3
Bg7 21. Rc2 Nf6 22. Rb1 Nd7 23. b4 cxb4 24. Rxb4 Rbc8 25. Rb3 Rc5 26. Bh3
f5 27. e4 Rec8 28. exf5 Rxc3 29. Rcxc3 Rxc3 30. Rb1 gxf5 31. Bxf5 Nc5 32.
Re1 Kf7 33. Bg4 a5 34. Bh5+ Kf6 35. h4 Rd3 36. Ra1 a4 37. Be8 Rxd5 38. Bxa4
Nxa4 39. Rxa4 Rb5 40. Rf4+ Ke7 41. Re4+ Be5 42. f4 Kf6 43. fxe5+ dxe5 44.
Rc4 Rxb6 45. Rc7 h6 46. Rc8 Kf5 47. Kf2 Rb3 48. Rc4 b5 49. g4+ Ke6 50. Re4
Rb2+ 51. Kf3 Rb1 52. Ke3 Rb3+ 53. Ke2 Rb2+ 1/2-1/2

[Event "WCh w Blitz Quarter-Final"]
[Site "Moscow RUS"]
[Date "2010.09.14"]
[Round "9"]
[White "Abdumalik,Z"]
[Black "Zarivkina,V"]
[Result "0-1"]
[WhiteElo "1870"]
[BlackElo "2084"]
[EventDate "2010.09.14"]

1. e4 c5 2. Nf3 d6 3. d4 cxd4 4. Nxd4 a6 5. Nc3 e5 6. Nb3 Nf6 7. Be2 Be7 8.
O-O Be6 9. Be3 O-O 10. Kh1 b5 11. a3 d5 12. exd5 Nxd5 13. Bf3 Nxe3 14. Qxd8
Rxd8 15. fxe3 Ra7 16. Rad1 Rad7 17. Rxd7 Nxd7 18. Rd1 Nb6 19. Rxd8+ Bxd8
20. Nc5 Bc8 21. b4 Kf8 22. a4 bxa4 23. N3xa4 Nxa4 24. Nxa4 Ke7 25. Nc5 Bb6
26. Kg1 a5 27. c3 Kd6 28. Ne4+ Ke6 29. Ng5+ Kf6 30. Nxh7+ Ke7 31. Kf2 f6
32. g4 axb4 33. cxb4 Be6 34. g5 f5 35. g6 f4 36. Ke2 Bxe3 37. Ng5 Bc4+ 38.
Ke1 Kf6 39. Ne4+ Kxg6 40. Nd6 Bd3 41. b5 Bc5 42. Be4+ Bxe4 43. Nxe4 Bb6 44.
Ke2 Kf5 45. Nd6+ Ke6 46. Nc4 Bd4 47. Kd3 g5 48. b6 Kd7 49. Ke4 Kc6 50.
Nxe5+ Bxe5 51. Kxe5 f3 52. Kf5 f2 53. Kxg5 f1=Q 54. h4 Qf8 55. h5 Qg8+ 56.
Kf6 Qh7 57. Kg5 Qg7+ 58. Kf5 Qh6 59. Kg4 Kxb6 60. Kh4 Kc6 61. Kg4 Kd6 62.
Kf5 Qxh5+ 63. Ke4 Qd5+ 64. Kf4 Qe5+ 65. Kg4 Qf6 66. Kg3 Qf5 67. Kg2 Qf4 68.
Kg1 Qd2 69. Kf1 Ke5 70. Kg1 Kf4 71. Kh1 Kg3 72. Kg1 Qe1+ 0-1

[Event "WCh w Blitz Quarter-Final"]
[Site "Moscow RUS"]
[Date "2010.09.14"]
[Round "9"]
[White "Sukhareva,V"]
[Black "Bogumil,T"]
[Result "1-0"]
[WhiteElo "1936"]
[BlackElo "2096"]
[EventDate "2010.09.14"]

1. d4 Nf6 2. e3 c5 3. c4 b6 4. Nc3 Bb7 5. d5 g6 6. e4 d6 7. Bd3 Bg7 8. f4
O-O 9. Nf3 Nfd7 10. O-O Na6 11. Qe2 Qb8 12. Re1 Nc7 13. e5 dxe5 14. fxe5 e6
15. d6 Na6 16. a3 Qc8 17. Bg5 Nab8 18. Bf4 Nc6 19. Nb5 a6 20. Nc7 Rb8 21.
Be4 Nd8 22. b4 Bxe4 23. Qxe4 Qb7 24. Qe3 Qc6 25. Nxa6 Ra8 26. b5 Qb7 27.
Ng5 Rxa6 28. bxa6 Qxa6 29. Rec1 Nc6 30. Qh3 h6 31. Ne4 Nd4 32. Ra2 Nxe5 33.
Bxh6 Nd7 34. Ng5 Nf6 35. Rf1 Nf5 36. g4 Qxc4 37. gxf5 exf5 38. Raf2 Ng4 39.
Bxg7 Kxg7 40. Qh7+ Kf6 41. Nf3 Nxf2 42. Rxf2 Qg4+ 43. Kf1 Qc4+ 44. Kg2 Qe4
45. d7 Rd8 46. h4 Rxd7 47. Qh6 Qg4+ 48. Kh2 Rd8 49. Qg5+ Qxg5 50. hxg5+ Kg7
51. Kg3 Rd3 52. Ra2 Kf8 53. Kf4 Ke7 54. Ne5 Rd4+ 55. Kf3 Ke6 56. Re2 Kd5
57. Nxf7 Rd3+ 58. Re3 Rd1 59. Ne5 Rf1+ 60. Kg2 Rf4 61. Kg3 Rf1 62. Nxg6 Kd4
63. Re6 c4 64. Rxb6 c3 65. Nf4 Rg1+ 66. Kf3 c2 67. Rc6 Ke5 68. Rxc2 Rxg5
69. a4 Rg1 70. Ra2 Rf1+ 71. Rf2 Ra1 72. Nd3+ Kd4 73. Rd2 Rxa4 74. Nf4+ Kc3
75. Rd3+ Kc2 76. Rd6 Ra3+ 77. Kf2 Ra8 78. Rc6+ Kb3 79. Rc7 Re8 80. Kf3 Kb4
81. Rd7 Kc5 82. Rd5+ Kc4 83. Rxf5 Ra8 84. Re5 Kd4 85. Re1 Kc5 86. Re5+ Kd6
87. Re4 Ra3+ 88. Kg4 Ra1 89. Rd4+ Ke5 90. Rb4 Rg1+ 91. Kf3 Rf1+ 92. Ke3
Re1+ 93. Ne2 Ra1 94. Rb5+ Kd6 95. Rf5 Ke6 96. Rh5 Kf6 97. Nf4 Ra3+ 98. Nd3
Ra4 99. Rb5 Rh4 100. Nf4 Ke7 101. Ke4 Kd6 102. Rd5+ Kc6 103. Re5 Rh6 104.
Re6+ Kc5 105. Nd3+ Kc4 106. Rc6+ Kb5 107. Rc2 Rh4+ 108. Kd5 Rh5+ 109. Ne5
Kb4 110. Rc4+ Kb5 111. Rc5+ Kb4 112. Rc7 Rh1 113. Nd3+ Kb5 114. Rb7+ Ka6
115. Rb2 Ra1 116. Nc5+ Ka5 117. Kc6 Rc1 118. Rb5+ 1-0

[Event "WCh w Blitz Quarter-Final"]
[Site "Moscow RUS"]
[Date "2010.09.14"]
[Round "10"]
[White "Sukhareva,E"]
[Black "Kharmunova,N"]
[Result "1-0"]
[WhiteElo "2176"]
[BlackElo "2121"]
[EventDate "2010.09.14"]

1. d4 d5 2. Nf3 Nf6 3. c4 e6 4. e3 Be7 5. b3 O-O 6. Nbd2 dxc4 7. bxc4 c5 8.
Bb2 Nc6 9. Rc1 Qa5 10. Bc3 Qc7 11. Bd3 cxd4 12. exd4 Bb4 13. Bb2 Qf4 14.
O-O b6 15. Qe2 Bb7 16. Ne4 Nxe4 17. Qxe4 Qxe4 18. Bxe4 f5 19. Bb1 h6 20. a3
Bd6 21. Rfe1 Kf7 22. d5 exd5 23. Bxf5 Rfe8 24. cxd5 Rxe1+ 25. Rxe1 Nd8 26.
Nh4 Bxd5 27. Bg6+ Kg8 28. Rd1 Be7 29. Nf5 Bb3 30. Nxe7+ Kf8 31. Re1 Nf7 32.
Nf5 Rd8 33. Bxg7+ Kg8 34. Bf6 Rc8 35. Ne7+ 1-0

[Event "WCh w Blitz Quarter-Final"]
[Site "Moscow RUS"]
[Date "2010.09.14"]
[Round "10"]
[White "Nikitina,E"]
[Black "Chasovnikova,E"]
[Result "0-1"]
[WhiteElo "2011"]
[BlackElo "2248"]
[EventDate "2010.09.14"]

1. d4 d5 2. Nf3 Nf6 3. e3 Bg4 4. Bd3 e6 5. Nbd2 Be7 6. O-O O-O 7. b3 c5 8.
Bb2 Nc6 9. c3 a6 10. Be2 Rc8 11. Rc1 b5 12. dxc5 Bxc5 13. c4 dxc4 14. bxc4
b4 15. Nb3 Be7 16. Nfd4 Bxe2 17. Qxe2 Nxd4 18. exd4 Qc7 19. Rfd1 Rfd8 20.
Nd2 a5 21. Ne4 Nxe4 22. Qxe4 Bf6 23. c5 Rd5 24. g3 Qd7 25. Kg2 Qa4 26. Ba1
Qxa2 27. c6 Qa4 28. c7 Qd7 29. Qc2 g6 30. Qc4 Bg5 31. Rc2 Bf6 32. Rcd2 Rxc7
33. Qa6 Kg7 34. Ra2 Ra7 35. Qc4 Qc7 36. Qb3 Ra6 37. Bb2 Rc6 38. Rda1 Rc2
39. Qe3 a4 40. Bc1 Rxa2 41. Rxa2 Bxd4 42. Bb2 Bxb2 43. Rxb2 b3 44. Qe4 Qe5
0-1

[Event "WCh w Blitz Quarter-Final"]
[Site "Moscow RUS"]
[Date "2010.09.14"]
[Round "10"]
[White "Fominykh,M"]
[Black "Fatianova,T"]
[Result "1-0"]
[WhiteElo "2305"]
[BlackElo "2289"]
[EventDate "2010.09.14"]

1. d4 d5 2. c4 dxc4 3. e3 Nf6 4. Bxc4 e6 5. Nf3 a6 6. a4 c5 7. O-O Nc6 8.
dxc5 Bxc5 9. Qxd8+ Kxd8 10. Nbd2 b6 11. Nb3 Bd6 12. Rd1 Ke7 13. Bd2 Bb7 14.
Bc3 Rhd8 15. Nfd4 Rac8 16. Be2 Ne5 17. Rac1 Ne4 18. Be1 Nc5 19. a5 Nxb3 20.
Nxb3 b5 21. Bc3 Nc4 22. Bf1 f6 23. Re1 b4 24. Bd4 e5 25. Bxc4 exd4 26. Nxd4
Be5 27. Nf5+ Kf8 28. b3 Bc7 29. Ra1 Be4 30. Nd4 Ke7 31. Bxa6 Ra8 32. Bc4
Rxa5 33. f3 Bg6 34. Nc6+ Kf8 35. Nxa5 Bb6 36. Nc6 Rc8 37. Nd4 f5 38. Ra6
Bc5 39. Ne6+ Ke7 40. Nxc5 Rxc5 41. Rd1 h6 42. Rxg6 1-0

[Event "WCh w Blitz Quarter-Final"]
[Site "Moscow RUS"]
[Date "2010.09.14"]
[Round "10"]
[White "Zarivkina,V"]
[Black "Meshcheriakova,E"]
[Result "0-1"]
[WhiteElo "2084"]
[BlackElo "2260"]
[EventDate "2010.09.14"]

1. e4 c5 2. Nf3 a6 3. d4 cxd4 4. Nxd4 Nf6 5. Nc3 e5 6. Nf5 d5 7. Bg5 d4 8.
Nb1 h6 9. Bxf6 Qxf6 10. Bd3 Nc6 11. Ng3 Bc5 12. O-O O-O 13. Nd2 Qe7 14. a3
b5 15. f4 exf4 16. Rxf4 Bd6 17. Rf1 Ne5 18. Nf5 Bxf5 19. Rxf5 Qh4 20. g3
Qe7 21. Rf1 Rac8 22. Nf3 Nxf3+ 23. Qxf3 Be5 24. a4 b4 25. b3 Kh8 26. Qg2 a5
27. Rf2 f6 28. Raf1 Rc3 29. Qf3 Rfc8 30. Qf5 R8c7 31. Kg2 Qd7 32. Qxd7 Rxd7
33. h3 g6 34. h4 Kg7 35. g4 Rd8 36. Kh3 g5 37. h5 Rdc8 38. Rf3 Rxc2 39.
Bxc2 Rxc2 40. R3f2 Rc3+ 41. Rf3 d3 42. Rd1 Rc2 43. Rfxd3 Rh2+ 0-1

[Event "WCh w Blitz Quarter-Final"]
[Site "Moscow RUS"]
[Date "2010.09.14"]
[Round "10"]
[White "Krasenkova,I"]
[Black "Sukhareva,V"]
[Result "1-0"]
[WhiteElo "2121"]
[BlackElo "1936"]
[EventDate "2010.09.14"]

1. d4 d6 2. c4 Nd7 3. Nc3 c6 4. e4 e5 5. d5 Qc7 6. Nf3 g6 7. h3 Bg7 8. Bg5
Ngf6 9. Rc1 O-O 10. Be2 a6 11. b4 a5 12. a3 axb4 13. axb4 Re8 14. O-O Nh5
15. Qd2 Nhf6 16. dxc6 bxc6 17. Rfd1 Bf8 18. Bh6 Be7 19. b5 c5 20. Rb1 Nb6
21. Qc2 Bb7 22. Nd5 Nfxd5 23. cxd5 Ra4 24. Ra1 Rea8 25. Rxa4 Rxa4 26. Rb1
Bc8 27. Nd2 f5 28. exf5 Bxf5 29. Bd3 Bxd3 30. Qxd3 Rd4 31. Qe2 Nxd5 32. Ne4
Qb6 33. Qf3 c4 34. Ng5 Rf4 35. Qxd5+ Kh8 36. Nf7+ Kg8 37. Nxd6+ Kh8 38.
Nf7+ Kg8 39. Nd6+ Kh8 40. Nf7+ Kg8 41. Bxf4 Bc5 42. Nh6+ 1-0

[Event "WCh w Blitz Quarter-Final"]
[Site "Moscow RUS"]
[Date "2010.09.14"]
[Round "10"]
[White "Dogodkina,J"]
[Black "Chuprova,Irina"]
[Result "1-0"]
[WhiteElo "2087"]
[BlackElo "1767"]
[EventDate "2010.09.14"]

1. e4 c5 2. Nf3 d6 3. d4 Nf6 4. Nc3 cxd4 5. Nxd4 g6 6. Be3 Bg7 7. f3 O-O 8.
Qd2 Nc6 9. h4 h5 10. Be2 Ne5 11. O-O-O Bd7 12. Bh6 b5 13. Bxg7 Kxg7 14.
Ndxb5 Rb8 15. f4 Neg4 16. Bxg4 Nxg4 17. Na3 Be6 18. Qd4+ Nf6 19. e5 dxe5
20. Qxa7 Qb6 21. Qxb6 Rxb6 22. fxe5 Ng4 23. Nd5 Rb7 24. Rhe1 Rd7 25. Nc3
Rb7 26. b3 Rc8 27. Kb2 Rbc7 28. Nab5 Rb7 29. a4 Bd7 30. Re2 Be6 31. Nd5
Bxd5 32. Rxd5 e6 33. Rd4 Rcb8 34. Nd6 Ra7 35. Ka3 Rba8 36. c4 Nh6 37. c5
Rc7 38. Rc4 Ng8 39. Nb5 1-0

[Event "WCh w Blitz Quarter-Final"]
[Site "Moscow RUS"]
[Date "2010.09.14"]
[Round "11"]
[White "Chasovnikova,E"]
[Black "Sukhareva,E"]
[Result "1-0"]
[WhiteElo "2248"]
[BlackElo "2176"]
[EventDate "2010.09.14"]

1. d4 d5 2. c4 e6 3. Nc3 c6 4. e4 dxe4 5. Nxe4 Bb4+ 6. Bd2 Qxd4 7. Bxb4
Qxe4+ 8. Ne2 Na6 9. Ba5 b6 10. Bc3 Nf6 11. Qd2 Qxc4 12. Nd4 Qd5 13. Be2 Ne4
14. Qe3 Nxc3 15. Qxc3 O-O 16. O-O Bb7 17. Bf3 Qc5 18. Rac1 Rac8 19. Qd2 Qd6
20. Qe3 Nb4 21. Rfd1 Nd5 22. Qg5 f6 23. Qh4 Rfe8 24. Bg4 Rc7 25. Re1 Rce7
26. Rcd1 Bc8 27. Qh3 f5 28. Bf3 g6 29. Qh4 e5 30. Nxc6 e4 31. Nxe7+ Rxe7
32. Be2 Be6 33. Bc4 Rd7 34. Bxd5 Bxd5 35. Qg3 Qe6 36. Qb8+ Kg7 37. Qf4 h6
38. a3 h5 39. h4 Kf7 40. Qh6 Kf6 41. g3 Kf7 42. Re3 Rc7 43. Qh7+ Kf6 44.
Qxc7 g5 45. hxg5+ Kg6 46. Qf4 Qc6 47. Qe5 Kf7 48. Qf6+ Kg8 49. Qxc6 Bxc6
50. Rd6 Bb5 51. g6 Bd3 52. Rexd3 exd3 53. Rxd3 Kg7 54. Kg2 Kxg6 55. Kf3 Kg5
56. Rd5 a6 57. b4 1-0

[Event "WCh w Blitz Quarter-Final"]
[Site "Moscow RUS"]
[Date "2010.09.14"]
[Round "11"]
[White "Mikhailova,I"]
[Black "Fominykh,M"]
[Result "1/2-1/2"]
[WhiteElo "2288"]
[BlackElo "2305"]
[EventDate "2010.09.14"]

1. d4 d6 2. Nf3 Nf6 3. c4 Nbd7 4. Nc3 e5 5. e4 Be7 6. Be2 c6 7. O-O O-O 8.
Be3 Ng4 9. Bd2 Re8 10. d5 a5 11. Rb1 Nc5 12. Qc2 Rf8 13. h3 Nf6 14. Be3 Na6
15. a3 Bd7 16. b4 axb4 17. axb4 cxd5 18. cxd5 Rc8 19. Nd2 Ne8 20. Rfc1 Bg5
21. Qd3 f5 22. exf5 Bxf5 23. Nde4 Bxe3 24. Qxe3 Nf6 25. Bd3 Bg6 26. Nxf6+
Qxf6 27. Bxg6 Qxg6 28. f3 Rc4 29. Ne4 Rxb4 30. Rxb4 Nxb4 31. Qd2 Na6 32.
Rb1 Rf7 33. Qa5 h6 34. Qd8+ Kh7 35. Qxd6 Qxd6 36. Nxd6 Rd7 1/2-1/2

[Event "WCh w Blitz Quarter-Final"]
[Site "Moscow RUS"]
[Date "2010.09.14"]
[Round "11"]
[White "Mirzoeva,E"]
[Black "Krasenkova,I"]
[Result "1-0"]
[WhiteElo "2239"]
[BlackElo "2121"]
[EventDate "2010.09.14"]

1. d4 Nf6 2. Nf3 g6 3. Bf4 Bg7 4. e3 d5 5. Bd3 O-O 6. O-O Nbd7 7. Nbd2 c5
8. c3 c4 9. Bc2 Qb6 10. b3 cxb3 11. axb3 Re8 12. h3 Nh5 13. Bh2 e5 14. g4
exd4 15. gxh5 dxe3 16. fxe3 Qxe3+ 17. Kh1 Bxc3 18. Re1 Qf2 19. Rxe8+ Kg7
20. Qe1 Qb6 21. Rc1 Nf6 22. Be5 Bxe5 23. Qxe5 Qf2 24. h6+ Kxh6 25. Qxf6
Bxh3 26. Qg5+ Kg7 27. Rxa8 h6 28. Qe5+ Kh7 29. Qh8+ 1-0

[Event "WCh w Blitz Quarter-Final"]
[Site "Moscow RUS"]
[Date "2010.09.14"]
[Round "11"]
[White "Kharmunova,N"]
[Black "Severina,M"]
[Result "0-1"]
[WhiteElo "2121"]
[BlackElo "2032"]
[EventDate "2010.09.14"]

1. e4 e5 2. Nf3 Nc6 3. Nc3 Nf6 4. g3 d5 5. exd5 Nxd5 6. Bg2 Nxc3 7. bxc3
Bd6 8. O-O O-O 9. d4 exd4 10. cxd4 Re8 11. c4 b6 12. Bb2 Rb8 13. Qd3 Ba6
14. Ng5 Qxg5 15. Bxc6 Red8 16. h4 Qg4 17. Bf3 Bxc4 18. Qc3 Qf5 19. Rfe1 Bd5
20. Re3 Re8 21. Rae1 Rxe3 22. Rxe3 h6 23. g4 Qb1+ 24. Re1 Qxa2 25. Ra1 Qb3
26. Qxb3 Bxb3 27. Rxa7 Re8 28. Kg2 Be6 29. d5 Bd7 30. Ra1 Bb5 31. Rc1 Ba6
32. Bd4 Bb7 33. Be3 Rd8 34. Ra1 Be5 35. Rd1 Kf8 36. Be4 Ke7 37. f4 Bd6 38.
Kf3 Bb4 39. Bc1 Rd6 40. Bb2 f6 41. Rd4 Bc5 42. Rd2 c6 43. Re2 Kd8 44. Bg6
cxd5 45. Re8+ Kc7 46. Re7+ Rd7 47. Re8 d4+ 48. Ke2 0-1

[Event "WCh w Blitz Quarter-Final"]
[Site "Moscow RUS"]
[Date "2010.09.14"]
[Round "11"]
[White "Sharapova,A"]
[Black "Zarivkina,V"]
[Result "1/2-1/2"]
[WhiteElo "2024"]
[BlackElo "2084"]
[EventDate "2010.09.14"]

1. e4 c5 2. Nf3 d6 3. d4 cxd4 4. Nxd4 Nf6 5. Nc3 a6 6. Bg5 e5 7. Nb3 Be7 8.
Qd2 Be6 9. f4 exf4 10. Bxf4 Nc6 11. O-O-O Ne5 12. Bxe5 dxe5 13. Qg5 Qc7 14.
Qxg7 Rg8 15. Qh6 Rg6 16. Qd2 Rd8 17. Qe1 Rxd1+ 18. Qxd1 b5 19. Bd3 Rxg2 20.
Rg1 Rg6 21. Rxg6 hxg6 22. Kb1 Nh5 23. Nd5 Qd7 24. Nxe7 Kxe7 25. Nc5 Qc6 26.
Nxe6 Qxe6 27. Be2 Nf4 28. b3 Qd6 29. Bd3 Qd4 30. h4 b4 31. Qf1 a5 32. Bc4
Qxe4 33. h5 gxh5 34. Qf2 Qd4 35. Qh4+ f6 36. Qg3 Qd1+ 37. Kb2 Qg4 38. Qe3
h4 39. Qc5+ Kd8 40. Qxa5+ Ke8 41. Qa8+ Kd7 42. Qb7+ Kd6 43. Qxb4+ Kd7 44.
Qb5+ Ke7 45. a4 Qd7 46. Qc5+ Qd6 47. Qa7+ Qd7 48. Qc5+ Qd6 49. Qa7+ Kd8 50.
a5 Qd4+ 51. Qxd4+ exd4 52. a6 Kc7 53. Bf1 h3 54. Bxh3 Nxh3 55. Ka3 Kb6 56.
Kb4 Nf4 57. Kc4 Ne2 58. Kd3 Nc1+ 59. Kxd4 Kxa6 60. b4 Kb5 61. c3 Ne2+ 62.
Kd3 Nf4+ 63. Ke4 Nh5 64. Kd5 f5 65. Ke5 f4 66. Ke4 Kc4 67. Kf3 Kxc3 68. b5
Nf6 69. b6 Nd7 70. Kxf4 Kc4 71. b7 Kc5 72. b8=Q Nxb8 73. Ke4 1/2-1/2

[Event "WCh w Blitz Quarter-Final"]
[Site "Moscow RUS"]
[Date "2010.09.14"]
[Round "11"]
[White "Abdumalik,Z"]
[Black "Dudysheva,Y"]
[Result "1-0"]
[WhiteElo "1870"]
[BlackElo "1841"]
[EventDate "2010.09.14"]

1. e4 c5 2. Nf3 d6 3. d4 cxd4 4. Nxd4 Nf6 5. Nc3 a6 6. Bg5 e6 7. f4 Nbd7 8.
Qf3 Be7 9. O-O-O Qc7 10. Bd3 Rb8 11. Rhe1 b5 12. Kb1 Bb7 13. g4 b4 14. Nce2
Nc5 15. Bxf6 Bxf6 16. g5 Be7 17. Ng3 Rc8 18. Nh5 O-O 19. Rc1 d5 20. e5 Ne4
21. Qg2 Qb6 22. Nb3 a5 23. Nf6+ Bxf6 24. gxf6 g6 25. Qh3 h5 26. Rg1 Kh8 27.
Be2 a4 28. Bxh5 Kg8 29. Bxg6 Ng5 30. Rxg5 fxg6 31. Rxg6+ Kf7 32. Qh7+ 1-0